| 000 | 00958nam a2200253 u 4500 | ||
|---|---|---|---|
| 001 | 000776085 | ||
| 003 | AM-YeHGA | ||
| 005 | 20250617143939.0 | ||
| 008 | 101203s1975 ||||||||r|||||000|0|rus|d | ||
| 040 | _aAM-YeHGA | ||
| 041 | 0 | _arus | |
| 100 | 1 | _aКарплюк, Инна Александровна. | |
| 245 | 1 | 0 |
_aГигиена молока : _b[Учебное пособие] / _cИ.А. Карплюк ; Центральный институт усовершенствования врачей. |
| 260 |
_aМосква : _b[Б. и.], _c1975. |
||
| 300 |
_a28 с. : _bтабл. ; _c20 см. |
||
| 504 | _aБиблиогр.: с. 26. | ||
| 650 | 1 | 4 | _aПищевая санитария |
| 650 | 1 | 4 | _aГигиена |
| 650 | 1 | 4 | _aМолочное хозяйство |
| 650 | 1 | 4 | _aМолоко |
| 650 | 1 | 4 | _aУчебники |
| 710 | 2 | _aЦентральный институт усовершенствования врачей | |
| 090 | _c286017 | ||
| 999 |
_c284355 _d284355 |
||